| 000 | 00575nam a22001457a 4500 | ||
|---|---|---|---|
| 020 | _a978-93-91924-81-2 | ||
| 082 |
_a823 _bMAP/L |
||
| 100 | _aMAPLE KIDS | ||
| 245 |
_aTHE LOYAL MONGOOSE _bPANCHATANTRA STORIES |
||
| 260 |
_aNOIDA _bMAPLE PRESS LIMITED _c2022 |
||
| 300 | _a16 | ||
| 520 | _aThe story is about a peasant's wife who assumed that their pet mongoose had killed her son because she saw blood in its mouth. Without a thought, she attacked the mongoose and rushed into the next room only to find her son sleeping blissfully. | ||
| 650 | _aSHORT STORIES | ||
| 942 | _cBK | ||
| 999 |
_c6840 _d6840 |
||